Intermediate microeconomics : (Record no. 10035)

MARC details
000 -LEADER
fixed length control field 00498cam a2200193ua 4500
008 - FIXED-LENGTH DATA ELEMENTS--GENERAL INFORMATION
fixed length control field 190902n ii |||gr||||Z||||||eng
020 ## - INTERNATIONAL STANDARD BOOK NUMBER
International Standard Book Number 9788176710657
040 ## - CATALOGING SOURCE
Transcribing agency MAIN
041 ## - LANGUAGE CODE
-- eng
082 ## - DEWEY DECIMAL CLASSIFICATION NUMBER
Classification number 338.5
100 ## - MAIN ENTRY--PERSONAL NAME
Personal name Hal R Varian,
Relator term
245 ## - TITLE STATEMENT
Title Intermediate microeconomics :
Remainder of title Modern approach /
Statement of responsibility, etc. By Hal R Varian .
250 ## - EDITION STATEMENT
Edition statement 8th ed.
260 ## - PUBLICATION, DISTRIBUTION, ETC.
Place of publication, distribution, etc. New Delhi:
Name of publisher, distributor, etc. Affiliated east west press,
Date of publication, distribution, etc. 2010.
300 ## - PHYSICAL DESCRIPTION
Extent 739p.
942 ## - ADDED ENTRY ELEMENTS (KOHA)
Koha item type Books
653 ## - INDEX TERM--UNCONTROLLED
Uncontrolled term Production
Holdings
Withdrawn status Lost status Source of classification or shelving scheme Damaged status Not for loan Collection code Home library Current library Shelving location Date acquired Cost, normal purchase price Total Checkouts Full call number Barcode Date last seen Date last checked out Copy number Price effective from Koha item type
    Dewey Decimal Classification     Economics Naharkatiya College Library Naharkatiya College Library General Stacks 19/09/2020 350.00 1 338.5 VAR 27370 13/03/2025 18/02/2025 1 19/09/2020 Books
    Dewey Decimal Classification     Economics Naharkatiya College Library Naharkatiya College Library General Stacks 19/09/2020 350.00 1 338.5 VAR 27371 17/03/2025 18/02/2025 2 19/09/2020 Books
    Dewey Decimal Classification     Economics Naharkatiya College Library Naharkatiya College Library General Stacks 11/02/2025 350.00 2 338.5 VAR 26442 04/03/2025 21/02/2025 3 11/02/2025 Books
    Dewey Decimal Classification     Economics Naharkatiya College Library Naharkatiya College Library General Stacks 18/02/2025 350.00 1 338.5 VAR 26441 24/02/2025 18/02/2025 4 18/02/2025 Books

Naharkatiya College © 2020. All rights reserved.

Powered By